Normal view
MARC view
Entry Topical Term
001 - CONTROL NUMBER
- control field: 23934
003 - CONTROL NUMBER IDENTIFIER
- control field: ARRUPE
005 - DATE AND TIME OF LATEST TRANSACTION
- control field: 20160415124505.0
008 - FIXED-LENGTH DATA ELEMENTS
- fixed length control field: 160415|| aca||aabn | a|a d
040 ## - CATALOGING SOURCE
- Original cataloging agency: ARRUPE
- Transcribing agency: ARRUPE
150 ## - HEADING--TOPICAL TERM
- Topical term or geographic name as entry element: Hermeneutics.
670 ## - SOURCE DATA FOUND
- Source citation: Work cat.: (ARRUPE)0: Risser, James, 1946- 23932, Hermeneutics and the voice of the other :, c1997.